[Event "Murta Xativa"]
[Site "Hotel Murta, Calle Catedrátic"]
[Date "2017.07.17"]
[Round "1.1"]
[White "Gonzalvez Tamarit, Ivan"]
[Black "Plaskett, H James"]
[Result "0-1"]
[WhiteElo "1832"]
[BlackElo "2463"]
[PlyCount "74"]
[EventDate "2017.07.17"]

1. d4 Nf6 2. c4 c5 3. d5 e6 4. Nc3 exd5 5. cxd5 d6 6. e4 g6 7. f4 Bg7 8. Bb5+
Nfd7 9. a4 Qh4+ 10. g3 Qe7 11. Qe2 O-O 12. Nf3 Re8 13. Bd3 Na6 14. O-O Nb4 15.
Bb1 b6 16. Re1 Ba6 17. Nb5 Nxd5 18. Qd2 N5f6 19. Nc7 Bb7 20. Nxa8 Bxa8 21. Ra3
Nxe4 22. Bxe4 Bxe4 23. b4 d5 24. Bb2 cxb4 25. Rae3 Bxb2 26. Qxb2 Qc5 27. Nd4
Rc8 28. h4 Nf6 29. Nf5 Qc2 30. Qxc2 Rxc2 31. Nd6 a5 32. R1e2 Rc6 33. Nb5 Ng4
34. Rxe4 dxe4 35. Rxe4 b3 36. Re1 b2 37. Na3 Rc3 0-1

[Event "Murta Xativa"]
[Site "Hotel Murta, Calle Catedrátic"]
[Date "2017.07.17"]
[Round "1.2"]
[White "Cruz Lledo, Pablo"]
[Black "Albuixec Sanz, Jorge"]
[Result "1-0"]
[WhiteElo "2448"]
[BlackElo "1825"]
[PlyCount "49"]
[EventDate "2017.07.17"]

1. d4 Nf6 2. c4 e6 3. Nc3 Bb4 4. Nf3 O-O 5. Bg5 d5 6. e3 c5 7. Rc1 cxd4 8. exd4
Nc6 9. c5 e5 10. dxe5 Re8 11. Be2 Nxe5 12. O-O Nxf3+ 13. Bxf3 Be6 14. Bxf6 Qxf6
15. Nxd5 Bxd5 16. Qxd5 Rab8 17. a3 Red8 18. Qb3 Ba5 19. Rfd1 Bc7 20. g3 b6 21.
c6 Qf5 22. Kg2 h5 23. h4 g5 24. hxg5 h4 25. Rd5 1-0

[Event "Murta Xativa"]
[Site "Hotel Murta, Calle Catedrátic"]
[Date "2017.07.17"]
[Round "1.3"]
[White "Carmona Huertas, Juan Antonio"]
[Black "Granero Roca, Antonio"]
[Result "0-1"]
[WhiteElo "1788"]
[BlackElo "2387"]
[PlyCount "62"]
[EventDate "2017.07.17"]

1. e4 c6 2. d4 d5 3. Nd2 dxe4 4. Nxe4 Bf5 5. Ng3 Bg6 6. Nf3 Nd7 7. h4 h6 8. Bd3
Bxd3 9. Qxd3 Ngf6 10. c4 e6 11. Bd2 Qc7 12. Bc3 Be7 13. O-O-O O-O-O 14. Qe2
Rhe8 15. Rhe1 a6 16. Ne5 Nxe5 17. dxe5 Nd7 18. h5 Nc5 19. Ne4 Nxe4 20. Qxe4 Bc5
21. f4 Qb6 22. f5 Bf2 23. Rf1 Rxd1+ 24. Kxd1 Bd4 25. Kc2 Bxc3 26. Kxc3 Qa5+ 27.
Kb3 Rd8 28. fxe6 fxe6 29. Qe3 b5 30. Qc5 Qa4+ 31. Kc3 b4+ 0-1

[Event "Murta Xativa"]
[Site "Hotel Murta, Calle Catedrátic"]
[Date "2017.07.17"]
[Round "1.4"]
[White "Camarena Gimenez, Rufino"]
[Black "Pallas I Garrido, Ernest Josep"]
[Result "1-0"]
[WhiteElo "2383"]
[BlackElo "1782"]
[PlyCount "57"]
[EventDate "2017.07.17"]

1. d4 d5 2. c4 e6 3. Nf3 c6 4. Nc3 Nf6 5. e3 Bd6 6. Bd3 O-O 7. O-O Nbd7 8. e4
dxc4 9. Bxc4 e5 10. Bg5 exd4 11. Qxd4 Bc5 12. Qd2 Qc7 13. Bf4 Qd8 14. e5 Nb6
15. Bd3 Nfd5 16. Rad1 Bg4 17. Bg3 Bxf3 18. gxf3 Nxc3 19. Bxh7+ Kh8 20. Qxc3 Qe7
21. Bb1 Nd5 22. Qc2 g6 23. f4 Bb6 24. f5 Qg5 25. fxg6 Kg7 26. gxf7 Rh8 27. Qe4
Rxh2 28. Kxh2 Rh8+ 29. Kg2 1-0

[Event "Murta Xativa"]
[Site "Hotel Murta, Calle Catedrátic"]
[Date "2017.07.17"]
[Round "1.5"]
[White "Marivela Santos, Juan Carlos"]
[Black "Valmana Canto, Jaime"]
[Result "0-1"]
[WhiteElo "1776"]
[BlackElo "2356"]
[PlyCount "38"]
[EventDate "2017.07.17"]

1. c4 e5 2. Nf3 e4 3. Nd4 Nc6 4. Nxc6 dxc6 5. g3 Nf6 6. Bg2 Bf5 7. O-O Qd7 8.
Nc3 O-O-O 9. a3 h5 10. Qa4 Kb8 11. f3 Bc5+ 12. Kh1 h4 13. Nxe4 Nxe4 14. fxe4
hxg3 15. e3 Rxh2+ 16. Kg1 Bh3 17. d4 Rxg2+ 18. Kh1 Rh2+ 19. Kg1 Qxd4 0-1

[Event "Murta Xativa"]
[Site "Hotel Murta, Calle Catedrátic"]
[Date "2017.07.17"]
[Round "1.6"]
[White "Fenollar Jorda, Manuel"]
[Black "Perez Mas, Jose Manuel"]
[Result "1-0"]
[WhiteElo "2335"]
[BlackElo "1776"]
[PlyCount "71"]
[EventDate "2017.07.17"]

1. d4 Nf6 2. c4 e6 3. Nc3 d5 4. cxd5 exd5 5. Bg5 Be7 6. e3 h6 7. Bh4 O-O 8. Bd3
c6 9. Qc2 Re8 10. Nge2 Nbd7 11. O-O Ne4 12. Bxe7 Qxe7 13. Bxe4 dxe4 14. Rab1
Nb6 15. Rfc1 Bf5 16. Na4 Nd5 17. a3 h5 18. Qc5 Qg5 19. Nac3 Bh3 20. Nf4 Bxg2
21. Nxg2 Re6 22. Kh1 b6 23. Qc4 Rg6 24. Rg1 Qg4 25. Qe2 Qf5 26. Nxd5 cxd5 27.
Nf4 Rh6 28. Rbc1 Rd8 29. Rc7 a5 30. Qf1 g5 31. Qh3 Qxh3 32. Rxg5+ Rg6 33. Nxh3
Rdd6 34. Rxg6+ fxg6 35. Nf4 Kf8 36. b4 1-0

[Event "Murta Xativa"]
[Site "Hotel Murta, Calle Catedrátic"]
[Date "2017.07.17"]
[Round "1.7"]
[White "Minguez Piquer, Ximo"]
[Black "Silva Rodriguez, Julio Jose"]
[Result "0-1"]
[WhiteElo "1773"]
[BlackElo "2334"]
[PlyCount "56"]
[EventDate "2017.07.17"]

1. e4 e6 2. d4 d5 3. Nd2 Be7 4. Ngf3 Nf6 5. e5 Nfd7 6. Bd3 c5 7. c3 Nc6 8. Qa4
Nb6 9. Qd1 cxd4 10. cxd4 Bd7 11. a3 Rc8 12. b4 a6 13. Nb3 Nc4 14. Qe2 Na7 15.
O-O Nb5 16. Nc5 b6 17. Bxc4 bxc5 18. dxc5 dxc4 19. Qxc4 Bc6 20. Be3 Bxf3 21.
gxf3 Qd5 22. Qg4 Qxe5 23. Kh1 Bf6 24. a4 Nc3 25. Ra3 Nd5 26. Qc4 O-O 27. Rd3
Qf5 28. Bc1 Nxb4 0-1

[Event "Murta Xativa"]
[Site "Hotel Murta, Calle Catedrátic"]
[Date "2017.07.17"]
[Round "1.8"]
[White "Nieves Cabanes, Jose Manuel"]
[Black "Crespo Calatayud, Santiago"]
[Result "1-0"]
[WhiteElo "2277"]
[BlackElo "1753"]
[PlyCount "44"]
[EventDate "2017.07.17"]

1. d4 Nf6 2. c4 e6 3. Nf3 b6 4. g3 Bb7 5. Bg2 Bb4+ 6. Bd2 Bxd2+ 7. Qxd2 O-O 8.
O-O d5 9. cxd5 exd5 10. Rc1 Nbd7 11. Qf4 c5 12. Nc3 Re8 13. dxc5 bxc5 14. b4 c4
15. Nd4 a6 16. Rab1 Ne4 17. Nxe4 dxe4 18. Nf5 Ne5 19. Rd1 Qf6 20. Nd6 Bc6 21.
Nxe8 Rxe8 22. Qxf6 gxf6 1-0

[Event "Murta Xativa"]
[Site "Hotel Murta, Calle Catedrátic"]
[Date "2017.07.17"]
[Round "1.9"]
[White "Martinez Lopez, Jose Luis"]
[Black "Ibanez Aullana, Ramon"]
[Result "0-1"]
[WhiteElo "1733"]
[BlackElo "2274"]
[PlyCount "50"]
[EventDate "2017.07.17"]

1. c4 e5 2. Nc3 Nf6 3. g3 c6 4. Bg2 d5 5. cxd5 cxd5 6. d3 d4 7. Ne4 Nxe4 8.
Bxe4 Nc6 9. Bd2 Be6 10. Bg2 Be7 11. Nf3 Qd7 12. O-O Bh3 13. Rc1 h5 14. Qa4 Bxg2
15. Kxg2 h4 16. Ng1 Qd5+ 17. f3 Qd7 18. b4 a6 19. Qb3 hxg3 20. hxg3 Qf5 21. Kf2
Qg6 22. Qd5 Rd8 23. Qb3 Rh2+ 24. Ke1 Qxg3+ 25. Kd1 Rc8 0-1

[Event "Murta Xativa"]
[Site "Hotel Murta, Calle Catedrátic"]
[Date "2017.07.17"]
[Round "1.10"]
[White "Sanchez Saez, Francisco"]
[Black "Vidal Moscardo, Blas"]
[Result "1-0"]
[WhiteElo "2266"]
[BlackElo "1701"]
[PlyCount "53"]
[EventDate "2017.07.17"]

1. e4 e6 2. d4 d5 3. Nd2 Ne7 4. Bd3 Ng6 5. Ne2 Be7 6. c3 c5 7. e5 Nc6 8. O-O
cxd4 9. cxd4 Bd7 10. f4 O-O 11. Nf3 Qe8 12. g4 f5 13. g5 h6 14. h4 hxg5 15.
fxg5 Nxh4 16. Nxh4 Qh5 17. Nf3 Kf7 18. Kf2 Rh8 19. Nf4 Qg4 20. Rg1 Rh2+ 21. Kf1
Rh1 22. g6+ Ke8 23. Rxh1 Nxd4 24. Rh8+ Bf8 25. Kf2 Nxf3 26. Qxf3 Qg5 27. Rxf8+
1-0

[Event "Murta Xativa"]
[Site "Hotel Murta, Calle Catedrátic"]
[Date "2017.07.18"]
[Round "2.1"]
[White "Plaskett, H James"]
[Black "Cebrian Flores, Juan Antonio"]
[Result "1/2-1/2"]
[WhiteElo "2463"]
[BlackElo "2044"]
[PlyCount "102"]
[EventDate "2017.07.17"]

1. c4 g6 2. Nc3 Bg7 3. d4 d6 4. e4 Nf6 5. f3 O-O 6. Be3 b6 7. Qd2 c5 8. d5 e6
9. Nge2 exd5 10. cxd5 Re8 11. Ng3 Nbd7 12. Be2 a6 13. a4 h5 14. O-O h4 15. Nh1
Ne5 16. Nf2 Nh7 17. f4 Nd7 18. Rae1 Ndf8 19. Kh1 Bd7 20. Bd3 Qc7 21. b3 Qb7 22.
f5 gxf5 23. exf5 Nf6 24. Bh6 N8h7 25. Nfe4 Nxe4 26. Nxe4 Be5 27. f6 Qxd5 28.
Bg7 h3 29. Rf3 Bg4 30. Qh6 hxg2+ 31. Kg1 Bd4+ 32. Kxg2 Bxf3+ 33. Kxf3 Qf5+ 34.
Kg2 d5 35. Rf1 Qg4+ 36. Ng3 Re4 37. Bxe4 dxe4 38. Rf4 Qg6 39. Qh4 Be3 40. Rf5
Re8 41. Rd5 Bg5 42. Qxe4 Qxe4+ 43. Nxe4 Rxe4 44. Rd8+ Nf8 45. Rxf8+ Kh7 46.
Rxf7 Kg6 47. Rc7 Re6 48. a5 Bxf6 49. Bf8 Bd4 50. axb6 Rxb6 51. Bxc5 Bxc5
1/2-1/2

[Event "Murta Xativa"]
[Site "Hotel Murta, Calle Catedrátic"]
[Date "2017.07.18"]
[Round "2.2"]
[White "Morant Amezaga, Elies"]
[Black "Cruz Lledo, Pablo"]
[Result "0-1"]
[WhiteElo "2030"]
[BlackElo "2448"]
[PlyCount "92"]
[EventDate "2017.07.17"]

1. d4 d5 2. c4 dxc4 3. e3 Nf6 4. Bxc4 e6 5. Nf3 a6 6. O-O b5 7. Be2 Bb7 8. a4
b4 9. Nbd2 Be7 10. Ne5 O-O 11. Qc2 Nfd7 12. Bf3 Bxf3 13. Ndxf3 c5 14. Rd1 Qb6
15. b3 Qb7 16. Bb2 cxd4 17. Bxd4 Rc8 18. Qd3 Nxe5 19. Nxe5 Nd7 20. Rac1 Nxe5
21. Bxe5 f6 22. Bb2 Rd8 23. Qc4 Kf7 24. Rxd8 Rxd8 25. Bd4 Qd5 26. Kf1 e5 27.
Qxd5+ Rxd5 28. Bb6 Rd3 29. Rb1 Rc3 30. e4 g6 31. Ke2 f5 32. exf5 gxf5 33. Be3
e4 34. g3 Ke6 35. h4 Bc5 36. Bxc5 Rxc5 37. Rd1 Rc3 38. Rd8 Rxb3 39. Ra8 Ra3 40.
Rxa6+ Kd5 41. Ra5+ Kc4 42. Rxf5 b3 43. Kd2 Rxa4 44. g4 Ra1 45. Rf8 b2 46. Rb8
b1=Q 0-1

[Event "Murta Xativa"]
[Site "Hotel Murta, Calle Catedrátic"]
[Date "2017.07.18"]
[Round "2.3"]
[White "Granero Roca, Antonio"]
[Black "Pedros Viudes, Santiago"]
[Result "1-0"]
[WhiteElo "2387"]
[BlackElo "2026"]
[PlyCount "123"]
[EventDate "2017.07.17"]

1. d4 Nf6 2. c4 e5 3. dxe5 Ne4 4. Nf3 Nc6 5. Qc2 Bb4+ 6. Nc3 d5 7. cxd5 Qxd5 8.
Bd2 Bxc3 9. Bxc3 Bf5 10. Nh4 Nxc3 11. Qxc3 Be6 12. Nf3 O-O-O 13. e3 Bh3 14. Bc4
Qe4 15. Rg1 h6 16. Bb5 Nb4 17. Rc1 Nd5 18. Qd4 Bf5 19. a3 Kb8 20. Qxe4 Bxe4 21.
Nd2 Bg6 22. Ke2 c6 23. Bc4 Rhe8 24. f4 f6 25. Bxd5 Rxd5 26. e4 Rd4 27. f5 Bxf5
28. exf5 Rxe5+ 29. Kd1 Rxf5 30. Rc4 Rdd5 31. Re1 Rf2 32. Re2 Rf1+ 33. Kc2 Rg1
34. Nf3 Rf1 35. Rce4 a5 36. a4 h5 37. Nd2 Ra1 38. Re1 Rc5+ 39. Kb3 Rac1 40.
Rxc1 Rxc1 41. Re7 g5 42. Nc4 Rg1 43. Re2 Rh1 44. h3 g4 45. hxg4 hxg4 46. Ne3 g3
47. Nf5 Rd1 48. Re3 Rf1 49. Nxg3 Rf2 50. Re2 Rf4 51. Ne4 Kc7 52. Nc3 Rf5 53.
Re7+ Kb6 54. Ne4 Rf4 55. Ka3 Rg4 56. Nxf6 Rxg2 57. Rh7 Rg3+ 58. b3 Rf3 59. Nd7+
Ka6 60. Nc5+ Kb6 61. Ne4 Rd3 62. Rxb7+ 1-0

[Event "Murta Xativa"]
[Site "Hotel Murta, Calle Catedrátic"]
[Date "2017.07.18"]
[Round "2.4"]
[White "Roca Cruz, Rafael"]
[Black "Camarena Gimenez, Rufino"]
[Result "0-1"]
[WhiteElo "2003"]
[BlackElo "2383"]
[PlyCount "30"]
[EventDate "2017.07.17"]

1. d4 Nf6 2. c4 g6 3. Nc3 Bg7 4. e4 d6 5. Nf3 O-O 6. Be2 e5 7. O-O exd4 8. Nxd4
Re8 9. f3 c6 10. Be3 d5 11. cxd5 Nxd5 12. Bf2 Nf4 13. Re1 Qg5 14. Bg3 Rd8 15.
Bxf4 Qxf4 0-1

[Event "Murta Xativa"]
[Site "Hotel Murta, Calle Catedrátic"]
[Date "2017.07.18"]
[Round "2.5"]
[White "Reig Albero, Ferran"]
[Black "Fenollar Jorda, Manuel"]
[Result "0-1"]
[WhiteElo "1957"]
[BlackElo "2335"]
[PlyCount "79"]
[EventDate "2017.07.17"]

1. e4 e5 2. Nf3 Nc6 3. Bb5 a6 4. Ba4 Nf6 5. O-O b5 6. Bb3 Bc5 7. c3 d6 8. d4
Bb6 9. Be3 O-O 10. Nbd2 Bg4 11. h3 Bh5 12. g4 Bg6 13. Re1 Nxe4 14. Bd5 Nxd2 15.
Bxd2 Qd7 16. dxe5 dxe5 17. Bxc6 Qxc6 18. Nxe5 Qf6 19. Be3 Rad8 20. Qf3 Bxe3 21.
Qxe3 Qh4 22. Rad1 Rxd1 23. Rxd1 h5 24. Rd4 hxg4 25. hxg4 Qh6 26. g5 Qh5 27. Nf3
Bf5 28. Rh4 Qg6 29. Nd4 f6 30. Nxf5 Qxf5 31. Qe4 fxg5 32. Qxf5 Rxf5 33. Rd4 a5
34. Kg2 Kh7 35. Rd7 c6 36. Kg3 Kg6 37. f3 Rd5 38. Rc7 Rc5 39. a3 a4 40. Kg4 0-1

[Event "Murta Xativa"]
[Site "Hotel Murta, Calle Catedrátic"]
[Date "2017.07.18"]
[Round "2.6"]
[White "Silva Rodriguez, Julio Jose"]
[Black "Apolo Sanchez, Manuel"]
[Result "1-0"]
[WhiteElo "2334"]
[BlackElo "1987"]
[PlyCount "57"]
[EventDate "2017.07.17"]

1. e4 d5 2. exd5 Qxd5 3. Nc3 Qa5 4. Bc4 c6 5. d3 Nf6 6. Bd2 Qc7 7. Qe2 Bf5 8.
h3 h5 9. Nf3 Nbd7 10. Nh4 Bh7 11. f4 e6 12. O-O-O O-O-O 13. Nf3 Nb6 14. Bb3 Bd6
15. g3 Nfd7 16. Ng5 Nc5 17. Rhf1 Nxb3+ 18. axb3 Qe7 19. Nxh7 Rxh7 20. Ne4 Nd5
21. Qf2 Kb8 22. c4 Nb4 23. Be3 b6 24. Bxb6 axb6 25. Qxb6+ Kc8 26. c5 Bxf4+ 27.
Rxf4 Nxd3+ 28. Rxd3 Rxd3 29. Qa6+ 1-0

[Event "Murta Xativa"]
[Site "Hotel Murta, Calle Catedrátic"]
[Date "2017.07.18"]
[Round "2.7"]
[White "Martinez Escandell, Alfonso"]
[Black "Nieves Cabanes, Jose Manuel"]
[Result "0-1"]
[WhiteElo "1942"]
[BlackElo "2277"]
[PlyCount "60"]
[EventDate "2017.07.17"]

1. e4 e6 2. d4 d5 3. exd5 exd5 4. Bf4 Bd6 5. Bxd6 Qxd6 6. Nf3 Ne7 7. c3 Bf5 8.
Bd3 Qe6+ 9. Be2 Nbc6 10. O-O O-O-O 11. Re1 Qf6 12. b4 Ng6 13. Nbd2 Nf4 14. b5
Ne7 15. Ne5 h5 16. a4 Neg6 17. Bf1 Nxe5 18. Rxe5 Bg4 19. f3 Bd7 20. Qe1 h4 21.
Nb3 Qg6 22. Qb1 f5 23. Nc5 Rh5 24. Ra2 Rg5 25. Kh1 h3 26. g3 Nh5 27. g4 Nf4 28.
Nxd7 Rxd7 29. Rxf5 Rf7 30. Be2 Rgxf5 0-1

[Event "Murta Xativa"]
[Site "Hotel Murta, Calle Catedrátic"]
[Date "2017.07.18"]
[Round "2.8"]
[White "Ibanez Aullana, Ramon"]
[Black "Nieto Tornero, Jose"]
[Result "1-0"]
[WhiteElo "2274"]
[BlackElo "1962"]
[PlyCount "139"]
[EventDate "2017.07.17"]

1. Nf3 Nf6 2. g3 g6 3. Bg2 Bg7 4. O-O O-O 5. c4 d5 6. cxd5 Nxd5 7. d4 Nc6 8. e3
Nb6 9. a4 a5 10. Nc3 e5 11. d5 Nb4 12. e4 h6 13. Be3 Nc4 14. Bc5 Nd6 15. Nb5
Na6 16. Ba3 Re8 17. Nd2 Bf8 18. Qb3 Nxb5 19. axb5 Nb4 20. Nc4 b6 21. f4 Bc5+
22. Kh1 Bd7 23. Nxe5 Bxb5 24. d6 Rf8 25. Nxg6 Bxf1 26. Rxf1 Qxd6 27. Nxf8 Rxf8
28. Bxb4 axb4 29. e5 Qe7 30. h4 Rd8 31. Qf3 Qe6 32. Re1 Qf5 33. Re4 Qd7 34. Kh2
Qd1 35. Re2 Qd3 36. Qg4+ Qg6 37. Qf3 Rd3 38. h5 Qf5 39. Qa8+ Kg7 40. Bf3 Qd7
41. Be4 Rd2 42. Qa6 Qd4 43. Bg2 Qxb2 44. Rxd2 Qxd2 45. f5 Qg5 46. f6+ Kg8 47.
Qe2 b3 48. Bd5 Qc1 49. Qg4+ Qg5 50. Qe2 Qe3 51. Qg4+ Qg5 52. Qe2 Qe3 53. Qg4+
Qg5 54. Qxg5+ hxg5 55. Bxb3 Bd4 56. e6 fxe6 57. Bxe6+ Kf8 58. f7 Kg7 59. h6+
Kf8 60. Kh3 Be3 61. Kg4 b5 62. Kf5 Bd4 63. Kxg5 c5 64. Kg6 c4 65. g4 Be5 66. g5
c3 67. Kh5 c2 68. g6 c1=Q 69. g7+ Ke7 70. f8=Q+ 1-0

[Event "Murta Xativa"]
[Site "Hotel Murta, Calle Catedrátic"]
[Date "2017.07.18"]
[Round "2.9"]
[White "Folch Zaragoza, Jose"]
[Black "Sanchez Saez, Francisco"]
[Result "0-1"]
[WhiteElo "1925"]
[BlackElo "2266"]
[PlyCount "48"]
[EventDate "2017.07.17"]

1. e4 g6 2. Nc3 Bg7 3. f4 c5 4. Nf3 Nc6 5. Bc4 e6 6. d3 Nge7 7. f5 d5 8. Bb5
dxe4 9. Bxc6+ Nxc6 10. Nxe4 exf5 11. Nc3 O-O 12. O-O Nd4 13. Bg5 Nxf3+ 14. Qxf3
Qxg5 15. Nd5 Be6 16. Nc7 Rac8 17. Nb5 Rfd8 18. c4 Bd7 19. Nxa7 Ra8 20. Nb5 Bc6
21. Qg3 Qxg3 22. hxg3 Rxd3 23. Rf2 Bxb5 24. cxb5 Bd4 0-1

[Event "Murta Xativa"]
[Site "Hotel Murta, Calle Catedrátic"]
[Date "2017.07.18"]
[Round "2.10"]
[White "Bas Mas, Miguel"]
[Black "Gonzalvez Tamarit, Ruben"]
[Result "1-0"]
[WhiteElo "2244"]
[BlackElo "1954"]
[PlyCount "59"]
[EventDate "2017.07.17"]

1. e4 e5 2. Nf3 Nc6 3. Bb5 a6 4. Ba4 Nf6 5. d3 b5 6. Bb3 Be7 7. O-O O-O 8. Nc3
d6 9. a4 b4 10. Nd5 Rb8 11. a5 Bg4 12. Be3 Nxd5 13. Bxd5 Nxa5 14. Rxa5 c6 15.
Rxa6 cxd5 16. exd5 f5 17. h3 Bh5 18. g4 Bf7 19. Nh2 Bxd5 20. f3 Qc7 21. Qd2
fxg4 22. hxg4 Bxf3 23. Nxf3 Rxf3 24. Rxf3 Qb7 25. Rb6 Qxf3 26. Rxb8+ Bf8 27.
Qf2 Qxg4+ 28. Kh2 Qh5+ 29. Kg3 Qg6+ 30. Kh4 1-0

[Event "Murta"]
[Site "Xativa"]
[Date "2017.07.20"]
[Round "3.1"]
[White "Cruz Lledo, Pablo"]
[Black "Sanchez Saez, Francisco"]
[Result "1-0"]
[WhiteElo "2448"]
[BlackElo "2266"]
[PlyCount "77"]
[EventDate "2017.??.??"]

1. d4 {[%clk 1:30:58]} 1... g6 {[%clk 1:16:57]} 2. Nf3 {[%clk 1:26:42]} 2...
Bg7 {[%clk 1:17:13]} 3. e3 {[%clk 1:26:40]} 3... Nf6 {[%clk 1:17:09]} 4. Be2 {
[%clk 1:26:41]} 4... O-O {[%clk 1:17:23]} 5. O-O {[%clk 1:27:06]} 5... d6 {
[%clk 1:14:27]} 6. b4 {[%clk 1:25:52]} 6... a5 {[%clk 1:12:48]} 7. b5 {
[%clk 1:26:12]} 7... b6 {[%clk 1:10:43]} 8. c4 {[%clk 1:26:02]} 8... Bb7 {
[%clk 1:11:07]} 9. Nc3 {[%clk 1:26:23]} 9... Nbd7 {[%clk 1:11:06]} 10. Ba3 {
[%clk 1:25:22]} 10... Ne4 {[%clk 1:09:50]} 11. Nxe4 {[%clk 1:18:14]} 11... Bxe4
{[%clk 1:09:53]} 12. Rc1 {[%clk 1:18:41]} 12... h6 {[%clk 1:04:45]} 13. Nd2 {
[%clk 1:16:08]} 13... Bb7 {[%clk 1:04:09]} 14. Bf3 {[%clk 1:16:28]} 14... Bxf3
{[%clk 1:04:09]} 15. Qxf3 {[%clk 1:16:28]} 15... e5 {[%clk 1:04:09]} 16. c5 {
[%clk 1:16:28]} 16... exd4 {[%clk 1:04:09]} 17. cxd6 {[%clk 1:16:28]} 17...
cxd6 {[%clk 1:04:09]} 18. exd4 {[%clk 1:16:28]} 18... Bxd4 {[%clk 1:04:09]} 19.
Bxd6 {[%clk 1:16:28]} 19... Re8 {[%clk 1:04:09]} 20. Rfd1 {[%clk 1:14:45]}
20... Rc8 {[%clk 0:49:00]} 21. Rc6 {[%clk 1:12:36]} 21... Qg5 {[%clk 0:26:24]}
22. Qd3 {[%clk 1:00:15]} 22... Qg4 {[%clk 0:15:21]} 23. Ne4 {[%clk 0:54:35]}
23... Bg7 {[%clk 0:08:27]} 24. f3 {[%clk 0:54:10]} 24... Qf5 {[%clk 0:07:51]}
25. g4 {[%clk 0:53:31]} 25... Qe6 {[%clk 0:06:57]} 26. Bc7 {[%clk 0:53:37]}
26... Rxc7 {[%clk 0:04:34]} 27. Rxe6 {[%clk 0:53:58]} 27... Rxe6 {
[%clk 0:04:59]} 28. f4 {[%clk 0:51:32]} 28... Kh7 {[%clk 0:04:29]} 29. f5 {
[%clk 0:51:39]} 29... Ne5 {[%clk 0:04:28]} 30. Qd8 {[%clk 0:51:40]} 30... Rc2 {
[%clk 0:03:13]} 31. Rf1 {[%clk 0:45:27]} 31... Nf3+ {[%clk 0:01:59]} 32. Rxf3 {
[%clk 0:45:27]} 32... Rxe4 {[%clk 0:01:59]} 33. f6 {[%clk 0:45:27]} 33... Re1+
{[%clk 0:01:59]} 34. Rf1 {[%clk 0:45:27]} 34... Ree2 {[%clk 0:01:59]} 35. Qd5 {
[%clk 0:45:27]} 35... Rcd2 {[%clk 0:01:39]} 36. Qb7 {[%clk 0:46:17]} 36... Rg2+
{[%clk 0:00:52]} 37. Qxg2 {[%clk 0:46:40]} 37... Rxg2+ {[%clk 0:01:18]} 38.
Kxg2 {[%clk 0:47:04]} 38... Bf8 {[%clk 0:01:46]} 39. Rc1 {[%clk 0:47:20]} 1-0

[Event "Murta"]
[Site "Xativa"]
[Date "2017.07.20"]
[Round "3.2"]
[White "Aymerich Rosell, Pablo"]
[Black "Granero Roca, Antonio"]
[Result "0-1"]
[WhiteElo "2233"]
[BlackElo "2387"]
[PlyCount "96"]
[EventDate "2017.??.??"]

1. d4 {[%clk 1:30:57]} 1... Nf6 {[%clk 1:28:31]} 2. c4 {[%clk 1:31:17]} 2... e6
{[%clk 1:28:38]} 3. Nc3 {[%clk 1:31:17]} 3... Bb4 {[%clk 1:27:24]} 4. e3 {
[%clk 1:31:14]} 4... O-O {[%clk 1:27:24]} 5. Nge2 {[%clk 1:31:34]} 5... d5 {
[%clk 1:26:13]} 6. a3 {[%clk 1:31:35]} 6... Bd6 {[%clk 1:26:02]} 7. Ng3 {
[%clk 1:31:10]} 7... c5 {[%clk 1:23:56]} 8. dxc5 {[%clk 1:30:21]} 8... Bxc5 {
[%clk 1:24:17]} 9. b4 {[%clk 1:28:41]} 9... Be7 {[%clk 1:23:27]} 10. cxd5 {
[%clk 1:25:25]} 10... exd5 {[%clk 1:23:07]} 11. Bb2 {[%clk 1:24:46]} 11... Nc6
{[%clk 1:22:30]} 12. Nce2 {[%clk 1:16:09]} 12... Re8 {[%clk 1:17:34]} 13. Nd4 {
[%clk 1:13:30]} 13... a5 {[%clk 1:12:05]} 14. b5 {[%clk 1:12:36]} 14... Ne5 {
[%clk 1:10:48]} 15. h3 {[%clk 1:06:20]} 15... a4 {[%clk 1:05:52]} 16. Be2 {
[%clk 1:03:03]} 16... Bd6 {[%clk 1:03:33]} 17. O-O {[%clk 0:55:09]} 17... Nc4 {
[%clk 0:59:16]} 18. Bxc4 {[%clk 0:55:20]} 18... dxc4 {[%clk 0:58:31]} 19. Ndf5
{[%clk 0:52:58]} 19... Bxf5 {[%clk 0:54:02]} 20. Nxf5 {[%clk 0:53:16]} 20...
Be5 {[%clk 0:54:26]} 21. Bxe5 {[%clk 0:41:50]} 21... Rxe5 {[%clk 0:53:27]} 22.
Nd4 {[%clk 0:39:56]} 22... Ne4 {[%clk 0:51:00]} 23. Qc2 {[%clk 0:38:39]} 23...
Nd6 {[%clk 0:51:17]} 24. Rab1 {[%clk 0:37:41]} 24... g6 {[%clk 0:44:40]} 25.
Rb4 {[%clk 0:37:03]} 25... Qa5 {[%clk 0:43:02]} 26. Rfb1 {[%clk 0:36:00]} 26...
Rc5 {[%clk 0:43:09]} 27. b6 {[%clk 0:29:09]} 27... Rg5 {[%clk 0:42:16]} 28. Nf3
{[%clk 0:27:41]} 28... Rb5 {[%clk 0:39:52]} 29. Nd4 {[%clk 0:26:01]} 29... Rxb4
{[%clk 0:39:49]} 30. Rxb4 {[%clk 0:26:22]} 30... Qc5 {[%clk 0:40:05]} 31. Rxa4
{[%clk 0:17:57]} 31... Rxa4 32. Qxa4 {[%clk 0:18:25]} 32... Qxb6 {
[%clk 0:40:02]} 33. h4 {[%clk 0:11:47]} 33... Kg7 {[%clk 0:38:47]} 34. Qd7 {
[%clk 0:10:50]} 34... Kg8 {[%clk 0:34:49]} 35. h5 {[%clk 0:10:27]} 35... gxh5 {
[%clk 0:34:25]} 36. Qe7 {[%clk 0:09:31]} 36... h6 {[%clk 0:29:47]} 37. Qf6 {
[%clk 0:07:53]} 37... Qb1+ {[%clk 0:29:02]} 38. Kh2 {[%clk 0:08:12]} 38... Qg6
{[%clk 0:29:21]} 39. Qd8+ {[%clk 0:07:23]} 39... Kh7 {[%clk 0:29:38]} 40. Qc7 {
[%clk 0:06:51]} 40... Ne4 {[%clk 0:28:04]} 41. Qxc4 {[%clk 0:04:20]} 41... Nxf2
{[%clk 0:27:48]} 42. Qb3 {[%clk 0:04:01]} 42... b6 {[%clk 0:25:32]} 43. Ne2 {
[%clk 0:01:55]} 43... Ng4+ {[%clk 0:25:10]} 44. Kg1 {[%clk 0:00:56]} 44... Qf6
{[%clk 0:25:02]} 45. Qb1+ {[%clk 0:00:49]} 45... Kg8 {[%clk 0:22:41]} 46. Nf4 {
[%clk 0:00:47]} 46... Qh4 {[%clk 0:21:47]} 47. Nh3 {[%clk 0:00:38]} 47... Qg3 {
[%clk 0:21:56]} 48. Qxb6 {[%clk 0:00:34]} 48... Qe1# 0-1